| 000 | 008800000a22002650004500 | ||
|---|---|---|---|
| 003 | LK-CoMWRAF | ||
| 005 | 20231113114505.0 | ||
| 008 | 230817t1998 ||||| |||| 00| 0 eng d | ||
| 020 | _a0761907130 | ||
| 040 |
_aLK-CoMWRAF _dLK-CoMWRAF _eLK-CoMWRAF |
||
| 041 | _aeng | ||
| 082 |
_a364.082 _bCRI |
||
| 245 |
_aCrime Control and Women: _bFeminist Implications of Criminal Justice Policy |
||
| 260 |
_aThousand Oaks: _bSage Publications, _c1998 |
||
| 300 |
_axxiv, 200 p. ; 24 cm. _bIndex included |
||
| 650 | _aCRIMINAL JUSTICE,ADMINISTRATION OF-Social aspects--United States | ||
| 650 | _aSex discrimination in criminal justice administration | ||
| 650 | _aFemale offenders | ||
| 650 | _aPrisoners' spouses | ||
| 650 | _aWomen--Crimes against- | ||
| 650 | _aSocial control--United States | ||
| 650 | _aFeminist theory | ||
| 700 |
_aMiller, Susan L. _eed. |
||
| 942 | _cBK | ||
| 999 |
_c2157 _d2157 |
||